000 00842nam a2200277 i 4500
001 bg
100 1 _aBlinder, Alan S.
245 1 0 _aBankowość centralna :
_bw teorii i praktyce /
_cAlan S. Blinder ; [tł. Maciej Błachnio, Michał Rusiński].
246 3 _aCentral banking in theory and practice
260 _aWarszawa :
_bCeDeWu,
_c2001.
300 _a108 s. :
_b2 wykr. ;
_c20 cm.
490 1 _aRynek i Pieniądz
500 _aTyt. oryg.: "Central banking in theory and practice".
504 _aBibliogr.
650 4 _aBank centralny
700 1 _aBłachnio, Maciej.
_eTł.
700 1 _aRusiński, Michał.
_eTł.
830 _aRynek i Pieniądz
020 _a8387885118
040 _cBPK
041 0 _apol
080 _a336.711
920 _a83-87885-11-8
942 _cKS
008 s pl f |000 0 pol
999 _c53602
_d53602
856 _uhttp://koha.tu.koszalin.pl/cgi-bin/koha/opac-detail.pl?biblionumber=53602
_yKatalog online BPK